[Event "Targo Mures Open 2019"]
[Site "Targo Mures"]
[Date "2019.10.19"]
[Round "4.5"]
[White "Rosca, Vasile-Benone"]
[Black "Anton, Teodor"]
[Result "0-1"]
[WhiteElo "2017"]
[BlackElo "2445"]
[Annotator "TA"]
[PlyCount "160"]
[EventDate "2019.03.02"]
[EventType "swiss"]
[EventCountry "ROU"]
[SourceTitle "playchess.com"]
[Source "ChessBase"]
[SourceQuality "1"]

{[%evp 9,160,15,18,15,22,14,14,29,28,-5,0,-28,-20,-13,-11,-22,-29,-40,-7,-60,-27,-35,-27,-26,-13,-16,-27,-179,-181,-186,-91,-95,-90,-175,-165,-189,-105,-107,-98,-102,-105,-96,-97,-110,-38,-97,-104,-135,-72,-72,-22,-22,-15,-16,-26,-19,-25,-90,-90,-90,-90,-130,-114,-168,-129,-121,-119,-128,-127,-125,-116,-118,-112,-121,-110,-211,-211,-207,-204,-203,-204,-202,-194,-192,-193,-212,-221,-210,-210,-212,-214,-220,-210,-370,-370,-281,-217,-251,-150,-152,-151,-249,-139,-125,-104,-104,-104,-104,-101,-138,-138,-160,-164,-161,-166,-218,-218,-218,-214,-211,-206,-204,-190,-241,-235,-222,-189,-183,-196,-304,-304,-304,-304,-318,-304,-304,-304,-29977,-29978,-29978,-29979,-29978,-29975,-29978,-29977,-29976,-29978,-29972,-29970,-29981,-29982,-29984,-29985]} 1. e4 g6 2. d4 Bg7 3. Nf3 d6 4. Be3 Nd7 5. Nbd2 (5. Be2 Ngf6 6. Nc3 O-O 7. O-O c6 8. a4 a5 9. Nd2 b6 10. f4 Bb7 11. Bd3 e6 12. e5 Ne8 13. Be4 Qc8 14. Nf3 c5 15. Bxb7 Qxb7 16. Nb5 cxd4 17. Qxd4 {½-½ (70) Bok,B (2605)-Korobov,A (2695) Dubai 2017}) 5... Ngf6 6. c3 {B06: Modern Defence} O-O 7. Bd3 e5 8. O-O {The position is equal.} Re8 9. d5 $146 ({Predecessor:} 9. h3 d5 10. Bg5 exd4 11. cxd4 dxe4 12. Nxe4 h6 13. Nxf6+ Nxf6 14. Bxf6 Bxf6 {½-½ (97) Kanibalotska,Y (1794)-Schulz,W (2048) Radebeul 2019}) 9... Ng4 10. Nc4 (10. Bg5 $5 {[%cal Rg5d8]} Bf6 11. Bxf6 Ngxf6 12. a4 $11) 10... Nxe3 11. Nxe3 c6 12. b4 Bh6 13. Bc4 c5 14. Qd3 (14. b5 $11) 14... a6 {[%cal Ba7a6,Ba6a5][%mdl 32] aiming for ...b5.} 15. a4 cxb4 16. cxb4 a5 17. Bb5 axb4 18. Nc2 $2 (18. Qd2 $11 {and White has nothing to worry.}) 18... Nc5 $36 {[%mdl 2048] Black has strong initiative.} 19. Qc4 Rf8 (19... b3 $19 20. Bxe8 Qxe8) 20. Qxb4 $17 f5 21. Ra3 (21. Nxe5 $17 Bg7 {[%mdl 64] Pin} 22. Nc4 Bxa1 23. Nxa1) 21... Nxe4 $19 22. Ne3 Rf7 ({Black should try} 22... Bxe3 $19 23. fxe3 Bd7) 23. Nc4 $17 Bf8 24. a5 Nc5 25. Nb6 Rb8 26. Nd2 e4 (26... Bd7 $17 27. Nxd7 Nxd7 28. Bxd7 Rxd7) 27. f3 (27. Nb3 $15) 27... exf3 28. Raxf3 {[#]} Bg7 (28... Bd7 $142 $1 29. Nxd7 Nxd7 30. Bxd7 Rxd7) 29. Nb3 Qf6 30. Nxc5 {And now Nb3 would win.} Qd4+ 31. Qxd4 Bxd4+ 32. Kh1 {Hoping for Ne4!} Bxc5 33. Nxc8 (33. Re1 $11) 33... Rxc8 34. g4 {[%cal Rg4f5]} Ra8 35. Bd3 {[%cal Rg4f5]} f4 36. a6 (36. Rxf4 $17 Rxf4 37. Rxf4) 36... bxa6 37. Rxf4 Rxf4 38. Rxf4 $19 {[%mdl 4096] Endgame KRB-KRB} a5 39. Bb5 Rb8 40. Bd7 Rb7 41. Be6+ Kg7 42. h4 {[#]} (42. Ra4 $17) 42... Ra7 $1 43. Ra4 Kf6 44. Kg2 Ke5 45. Kf3 Bb4 46. Ke3 Rc7 47. h5 Rc3+ 48. Ke2 gxh5 49. gxh5 Ke4 50. Ra2 Rg3 51. Rc2 $2 (51. Kd1) 51... Rg2+ 52. Kd1 Rg1+ 53. Ke2 Rh1 ({Better is} 53... Kd4 $19 {Strongly threatening ...a4.} 54. Bd7 Rg2+ 55. Kd1 Rg1+ 56. Ke2 Kxd5) 54. Rc4+ $17 Ke5 55. Bf7 (55. Kf3 $17) 55... Bc5 ({Black should play} 55... a4 $19 {...Rb1 is the strong threat.} 56. Kd3 a3) 56. Kd3 Rh3+ 57. Kc2 Bd4 58. Ra4 Rc3+ 59. Kd2 Rc7 60. Be6 Bc3+ 61. Kc2 Bb4+ 62. Kb3 (62. Kb1 $142) 62... Rc3+ $19 63. Kb2 Rg3 64. Ra2 Rg5 65. Bf7 Rf5 66. Be8 (66. Be6 $142 Rxh5 67. Kb3) 66... Kxd5 67. Kb3 Ke6 68. Re2+ Re5 69. Rxe5+ (69. Rc2 {is a better defense.}) 69... dxe5 {KB-KB} 70. Kc4 Kf5 71. Kd5 h6 72. Ba4 Kf4 {White must now prevent ...e4.} 73. Bc2 $2 (73. Kc4 $19) 73... Bd2 {Black mates.} 74. Bd1 e4 75. Kd4 Be3+ 76. Kd5 Bb6 77. Kc6 e3 78. Kb5 Kg3 79. Kc4 Kf2 80. Kd3 {[#]} a4 $1 {Accuracy: White = 46%, Black = 68%.} 0-1

[Event "Targo Mures Open 2019"]
[Site "Targo Mures"]
[Date "2019.10.19"]
[Round "4.6"]
[White "Velcherean, Vasile-Adrian"]
[Black "Manea, Alexandru"]
[Result "0-1"]
[WhiteElo "1925"]
[BlackElo "2305"]
[Annotator "TA"]
[PlyCount "34"]
[EventDate "2019.03.02"]
[EventType "swiss"]
[EventCountry "ROU"]
[SourceTitle "playchess.com"]
[Source "ChessBase"]
[SourceQuality "1"]

{[%evp 10,112,64,54,68,8,16,-27,-16,-50,0,-23,0,0,0,-44,-31,-56,-8,-18,-12,-81,-79,-110,-105,-102,-87,-102,-87,-79,-67,-190,-172,-168,-172,-149,-107,-120,-101,-195,-148,-153,-138,-100,-127,-392,-355,-342,-213,-221,-225,-189,-152,-312,-286,-352,-339,-656,-647,-638,-261,-611,-620,-1089,-742,-1085,-1132,-1027,-550,-555,-537,-1422,-1095,-941,-931,-993,-916,-1624,-1580,-1563,-1534,-1485,-1232,-790,0,-1430,-1354,-1497,-1418,-1293,-1095,-1007,-1682,-1684,-1530,-1631,-1604,-1691,-1407,-5750,-5730,-5710,-5389,-4841,-4837]} 1. d4 g6 2. c4 Bg7 3. Nc3 c5 4. d5 Bxc3+ 5. bxc3 f5 6. h4 Nf6 {A40: Unusual replies to 1 d4} 7. Nf3 (7. h5 $14) 7... Qa5 8. Bd2 d6 {Black has an edge.} 9. Ng5 Nbd7 (9... h6 $5 {[%cal Rh6g5]} 10. Nh3 Nbd7 $15) 10. h5 $1 Rg8 11. hxg6 hxg6 12. e3 Ne5 13. Be2 $146 ({Predecessor:} 13. Qb3 Rb8 14. f3 {0-1 (34) Burmakin,V (2564)-Solak,D (2501) Nova Gorica 2002}) 13... Nf7 14. Nxf7 $1 Kxf7 15. Bf3 (15. f3 $11) 15... Bd7 16. Qc2 Rh8 17. Rg1 e5 {Played: Qa5-a6} 0-1

[Event "Targo Mures Open 2019"]
[Site "Targo Mures"]
[Date "2019.10.19"]
[Round "4.7"]
[White "Ognean, Mihnea-Ionut"]
[Black "Ambru, Dan-Calin"]
[Result "1-0"]
[WhiteElo "2285"]
[BlackElo "2004"]
[Annotator "TA"]
[PlyCount "69"]
[EventDate "2019.03.02"]
[EventType "swiss"]
[EventCountry "ROU"]
[SourceTitle "playchess.com"]
[Source "ChessBase"]
[SourceQuality "1"]

{[%evp 20,69,41,20,25,0,0,0,0,0,0,0,0,0,0,0,-1,0,0,10,20,22,29,42,84,85,121,107,114,132,316,34,81,97,155,149,220,187,431,339,354,350,701,691,697,690,685,608,656,656,589,563]} 1. d4 Nf6 2. c4 g6 3. Nc3 Bg7 4. e4 d6 5. h3 O-O 6. Be3 c5 7. d5 e6 8. Bd3 exd5 9. exd5 Na6 10. Nf3 Nc7 11. O-O b5 {E90: King's Indian: Classical: Early deviations and 6 h3} 12. cxb5 Ncxd5 13. Nxd5 Nxd5 {The position is equal.} 14. Bg5 Nf6 15. Be4 {[%mdl 64] Pin} Rb8 16. Bc6 $36 {[%mdl 2048] White has good play.} Bb7 17. Bxb7 Rxb7 18. a4 {[#]} Re8 $146 ({Predecessor:} 18... d5 19. Rc1 {0-1 (76) Ekstroem,R (2381)-Bogner,S (2605) Lenzerheide 2018}) 19. Qd3 d5 20. Rfe1 Rbe7 21. Rxe7 Rxe7 22. Rd1 Qa5 23. b3 d4 24. Rc1 Qb6 $2 {[#]} (24... h6 $16 {keeps fighting.}) 25. Nd2 $2 (25. b4 $1 $18 {[%mdl 512]}) 25... h6 {[#]} 26. Bxf6 $1 Bxf6 (26... Qxf6 $142 27. Rxc5 Re1+ 28. Nf1 Qe7 29. Rc8+ Kh7) 27. Ne4 $16 Rc7 {[#]} (27... Be5 $16 {is a better defense.}) 28. b4 $1 $18 {[%cal Rb4c5][%mdl 512]} Be7 $2 (28... c4 29. Rxc4 Bg7) (28... cxb4 29. Rxc7) 29. bxc5 Bxc5 {[#]} 30. a5 $1 {[%mdl 512]} Bd6 $2 (30... Qxa5 31. Nxc5 Rc8 32. Qxd4 Qxb5) 31. Ra1 {White is clearly winning.} Qxa5 32. Rxa5 Rc1+ 33. Qf1 $1 {[%cal Rf1c1]} Bh2+ 34. Kxh2 Rxf1 35. Rxa7 {Accuracy: White = 63%, Black = 26%.} 1-0

[Event "Targo Mures Open 2019"]
[Site "Targo Mures"]
[Date "2019.10.19"]
[Round "4.8"]
[White "Stegariu, Alexandru"]
[Black "Chiheri, Alexandru-Virgil"]
[Result "0-1"]
[WhiteElo "2146"]
[BlackElo "1871"]
[Annotator "TA"]
[PlyCount "183"]
[EventDate "2019.03.02"]
[EventType "swiss"]
[EventCountry "ROU"]
[SourceTitle "playchess.com"]
[Source "ChessBase"]
[SourceQuality "1"]

{[%evp 13,183,54,55,-27,-34,-45,-19,-24,-42,-41,-9,-20,-4,-50,-53,-37,-45,-50,-19,-25,-16,-21,-21,-26,-20,-26,-8,-10,-11,-43,-35,-32,-27,-47,-21,-36,-27,-20,-19,-16,-14,-33,0,0,-1,-8,0,0,0,-5,-5,-22,-26,-33,-16,-18,-8,-9,0,0,0,0,0,0,0,0,23,27,29,6,37,37,37,25,25,22,22,22,22,22,37,37,37,37,37,37,37,36,36,22,22,22,22,22,22,22,22,22,22,22,22,22,22,22,22,22,22,22,22,0,22,0,22,22,22,22,22,22,22,22,22,22,22,22,22,22,22,8,8,0,22,22,22,8,8,0,22,22,22,22,22,22,22,22,22,22,22,22,37,26,51,8,29952,12626,3236,2368,29973,29974,29976,29979,29983,29983,29984,29983,29982,29980,29980,29981,29985,29986,29986,29987]} 1. d4 Nf6 2. c4 e6 3. Nf3 d5 4. Nc3 c6 5. Bg5 h6 6. Bh4 g5 7. Bg3 dxc4 8. Bxb8 {D43: Semi-Slav: 5 Bg5 h6} ({White should play} 8. e3 $14) (8. a4 Bb4 9. e3 b5 10. Ne5 h5 11. h4 Ne4 12. Qf3 f5 13. hxg5 Qxg5 14. Bf4 Qg7 15. Rxh5 Bb7 {1-0 (33) Neto,H (2617)-Turgut,T (2618) ICCF email 2013}) 8... Rxb8 $11 9. Ne5 Qc7 10. Nxc4 {The position is equal.} b5 11. Nd2 c5 12. e3 a6 13. dxc5 Bxc5 $146 ({Predecessor:} 13... Qxc5 14. Be2 Bg7 15. h4 Bb7 16. hxg5 hxg5 17. Rxh8+ Bxh8 {0-1 (36) Ungr,D (2150)-Kotek,D (2280) Czechia 2007}) 14. Be2 Bb7 15. Bf3 Rd8 16. Bxb7 Qxb7 17. Qf3 Qxf3 18. gxf3 Bb4 19. Rc1 Ke7 20. Ke2 Rc8 21. Ndb1 Rc4 22. a3 Ba5 23. b3 Rc7 24. b4 Bb6 25. h4 {[#] Hoping for hxg5.} gxh4 26. Rxh4 h5 27. Na2 Rxc1 (27... Rhc8 {is interesting.} 28. Rxc7+ Bxc7 29. Nac3 Bd6 30. Kd3 Rh8) 28. Nxc1 Rc8 29. Kd2 Rg8 30. Nc3 Bc7 31. N1e2 Be5 32. a4 Rd8+ 33. Kc2 bxa4 34. Nxa4 Rg8 35. Nc5 a5 36. Nd3 ({But not} 36. bxa5 $2 Rc8 $19) 36... Bc7 37. bxa5 Bxa5 38. Ng3 Rg5 39. Nf4 Rc5+ 40. Kd1 Rb5 41. Nfxh5 Rb2 42. Nxf6 Kxf6 $14 {[%mdl 4096] Endgame KRB-KRN} 43. Rc4 (43. Kc1 {is more complex.} Rb5 44. f4 Rd5 45. Rh1 Bb4 46. Kc2) 43... Ke7 44. Rc2 Rxc2 45. Kxc2 $11 {KB-KN} Be1 46. Nh1 f5 47. Kd1 Bb4 48. f4 Kf6 49. Ng3 e5 50. fxe5+ Kxe5 51. f4+ Ke6 52. Ke2 Be7 53. Kd3 Bh4 54. Ne2 Bf2 55. Kd4 Be1 56. Nc1 Kd6 57. Nd3 Bh4 58. Kc4 Bf6 59. Nc5 {Black must now prevent Nb3.} Bh8 60. Nb3 {And now Nd4 would win.} Ke6 61. Nc5+ Kd6 62. Nb3 {aiming for Nd4.} Ke6 63. Kc5 Bc3 64. Kc6 Bb4 65. Nc5+ Kf6 66. Kd5 Bd2 67. Kd4 Bc1 68. Nb3 Bb2+ 69. Kd5 Bc3 70. Kd6 Bb4+ 71. Kd5 Bc3 72. Kc4 Bb2 73. Kb4 Ke6 74. Kc5 Kf6 75. Kd6 Bc3 76. Kd5 Bb2 77. Na5 Bc3 78. Nc4 Ba1 79. Kd6 Bc3 80. Nb6 {Nd5+ would kill now.} Bb4+ 81. Kd7 {Threatening mate with Nd5+.} Bd2 82. Nd5+ Kf7 $2 {[%mdl 8192] [#]} (82... Kg6 $11) 83. Kd6 Bc1 84. Ke5 Bb2+ 85. Kxf5 {White mates.} Bh8 86. e4 Bg7 87. e5 Bh8 88. Nc7 Bg7 89. Ne6 Bh8 90. Ng5+ Ke7 91. Kg6 Kf8 92. Kh7 {[%mdl 32768] Accuracy: White = 65%, Black = 51%. . Sensor Board Error (Ke4/e5)?} 0-1

[Event "Targo Mures Open 2019"]
[Site "Targo Mures"]
[Date "2019.10.19"]
[Round "4.9"]
[White "Paraschiv, Petronela-Alexandra"]
[Black "Daianu, Cristian-Clement"]
[Result "0-1"]
[WhiteElo "1829"]
[BlackElo "2206"]
[Annotator "TA"]
[PlyCount "184"]
[EventDate "2019.03.02"]
[EventType "swiss"]
[EventCountry "ROU"]
[SourceTitle "playchess.com"]
[Source "ChessBase"]
[SourceQuality "1"]

{[%evp 10,184,37,18,16,23,31,39,40,17,43,27,31,27,25,25,32,16,26,22,31,25,54,41,82,64,77,13,0,3,60,60,61,58,60,72,75,68,74,58,81,82,91,92,100,96,81,77,119,113,126,122,138,138,138,138,138,138,138,138,138,138,138,138,138,138,146,145,138,112,116,116,110,93,104,88,196,204,200,194,198,190,158,162,247,206,287,295,295,287,317,289,327,294,293,293,273,264,310,277,326,238,316,295,329,270,338,319,336,297,410,393,414,406,397,293,260,211,213,208,187,0,225,-87,-79,-120,-109,-281,-264,-493,-555,-539,-497,-568,-383,-502,-485,-1117,-1061,-998,-108,-110,-138,-116,-64,-689,-639,-757,-756,-732,-690,-1156,-1146,-1133,-1099,-2035,-1015,-1735,-1694,-1669,-1253,-1788,-1690,-2511,-2335,-2326,-2105,-2421,-2277,-2620,-2431,-29984,-29985,-29985,-29986,-29985,-29986]} 1. d4 f5 2. Nf3 Nf6 3. g3 e6 4. Bg2 Be7 5. O-O O-O 6. b3 Ne4 {A81: Dutch Defence: 2 g3} (6... d6 7. Bb2 Qe8 8. Nbd2 Nc6 9. e3 Bd7 10. c4 Qh5 11. Ne1 Qh6 12. Nd3 Rae8 13. d5 Nd8 14. dxe6 Nxe6 15. Nf4 c6 16. Nxe6 Bxe6 17. Nf3 Ng4 18. h3 Nf6 19. Qc2 Ne4 20. Rad1 {½-½ (37) Kasimdzhanov,R (2669)-Nisipeanu,L (2641) Khanty-Mansiysk 2011}) 7. Bb2 b6 8. c4 Bb7 {White is slightly better.} 9. Nbd2 d6 10. Qc2 Nd7 11. Ne1 {[%cal Rd2e4]} Nxd2 $146 ({Predecessor:} 11... Ndf6 12. Nb1 Qe8 13. Nd3 Nd7 14. Nc3 g5 15. Nb5 {1-0 (64) Alvarez Marquez,J-Krejci,J (2185) Menorca 1996}) 12. Qxd2 Bxg2 13. Kxg2 Qe8 14. Nd3 Qh5 15. Nf4 Qh6 16. Qe3 Rf6 17. Bc1 {[#] aiming for Qf3.} Re8 18. d5 ({White should play} 18. h4 $16) 18... e5 $11 19. Ne6 {Qxh6 is the strong threat.} Rxe6 (19... Qg6 $11) 20. dxe6 $14 Qxe6 21. Qd3 $36 {[%mdl 2048] White has the initiative.} c6 22. Ba3 Nf6 23. Rad1 Rd8 24. Qc2 g5 25. f3 Kg7 26. e4 f4 27. gxf4 gxf4 28. Rg1 Kh8 29. Kh1 c5 30. Bb2 a5 31. Bc3 Qh3 32. Qg2 {[%csl Gg1][%cal Rg2g7]} Qh6 33. Be1 Rg8 34. Qf2 Rxg1+ 35. Qxg1 Qh5 36. Rd3 Nd7 37. Qg2 Nf8 38. Rd1 Ne6 39. Bf2 Ng5 40. Rd3 Kg7 41. a3 Kf7 42. b4 axb4 (42... a4 $16) 43. axb4 $18 cxb4 44. Bxb6 Ne6 45. Rb3 Ng5 46. Qf1 ({But not} 46. Rxb4 $6 Qxf3 47. Qxf3 Nxf3 $14) 46... h6 (46... Ne6 {keeps fighting.} 47. Rxb4 d5) 47. Ba5 Nh3 48. Bxb4 Ng5 49. Be1 Ne6 50. Bf2 Ng5 51. Ba7 Ne6 52. Qg2 Ng5 53. Rd3 Ne6 54. Bf2 Ng5 55. Kg1 Nh3+ 56. Kf1 Ng5 57. Ke1 Nh7 58. Kd2 Nf6 59. Kc3 Ke6 60. Ba7 Qe8 {intending ...Qa4.} 61. Qa2 (61. Qh3+ Kf7 $11) 61... Qc6 62. Qa5 Kf7 63. Rd2 Qc8 64. Kb3 Qh3 65. Rf2 $2 (65. Qc3 $18) 65... Kf8 $2 (65... Ng4 $1 $11 66. Qd5+ Kf6) 66. Qc7 $2 (66. Ka2 $18) 66... Nxe4 $1 $17 67. Rc2 Qxf3+ 68. Ka4 $2 (68. Kb2 $17) 68... Kf7 69. Qc8 $2 (69. Qb8 {was the only chance.}) 69... Qd1 $19 70. Qf5+ {[#]} Nf6 $1 ({And not} 70... Kg7 71. Qxe4 Qa1+ 72. Kb3 $11) 71. Kb5 f3 72. Rc3 e4 73. Re3 (73. Ra3 $142 Qb1+ 74. Kc6) 73... d5 74. cxd5 Qxd5+ $2 (74... Qf1+ $19 75. Kb6 Qc4 76. Qe6+ Kf8) 75. Qxd5+ $17 Nxd5 $19 {[%mdl 4096] Endgame KRB-KBN} 76. Re1 Bh4 (76... Nf6 $17 77. h3 Ke6) 77. Rf1 $2 {[%mdl 8192]} (77. Kc4 $15 Nf6 78. Ra1) 77... Ke6 78. Bd4 Kf5 79. Kc4 Nf4 80. Be3 Bg5 81. Bf2 Ng2 82. Bb6 Be3 (82... Ne3+ $142 83. Bxe3 Bxe3) 83. Bc7 Bf4 84. Bb6 Bxh2 85. Kc3 Be5+ 86. Kd2 Bf4+ 87. Kc3 h5 88. Bd4 h4 89. Rh1 Kg4 90. Bg1 e3 {Black mates.} 91. Kd3 e2 92. Bf2 Bg3 {Accuracy: White = 52%, Black = 45%.} 0-1

[Event "Targo Mures Open 2019"]
[Site "Targo Mures"]
[Date "2019.10.19"]
[Round "4.10"]
[White "Petre, Nad-Titus"]
[Black "Moga, Victor-Emilian"]
[Result "1-0"]
[WhiteElo "2306"]
[BlackElo "1760"]
[Annotator "TA"]
[PlyCount "109"]
[EventDate "2019.03.02"]
[EventType "swiss"]
[EventCountry "ROU"]
[SourceTitle "playchess.com"]
[Source "ChessBase"]
[SourceQuality "1"]

{[%evp 9,109,0,0,8,16,14,12,-10,-1,-19,-19,-10,0,0,20,20,10,15,41,37,70,18,38,32,37,30,27,36,60,35,92,93,110,69,96,74,113,60,86,87,153,64,75,50,61,43,122,135,140,138,189,192,189,158,162,162,162,162,158,154,190,188,591,579,594,583,589,580,573,580,568,12,568,566,628,676,661,638,1329,1324,1304,1319,1274,1257,1255,1258,1264,1251,1210,1129,29971,29973,29974,29975,6449,6179,29984,29985,29985,29986,29987,29988]} 1. e4 c5 2. Be2 Nc6 3. f4 e6 4. Nf3 Nf6 5. d3 d6 6. O-O {B21: Sicilian: 2 f4 and Morra Gambit} g6 7. c3 Bg7 8. Kh1 {The position is equal.} b6 $146 ({Predecessor:} 8... O-O 9. a4 b6 10. Na3 Bb7 11. Rb1 Nd7 12. Qe1 Qe7 13. b4 cxb4 14. cxb4 {½-½ (22) Stevic,H (2611)-Bellaiche,A (2472) Aix les Bains 2011}) 9. Be3 Bb7 10. Nbd2 Ng4 11. Bg1 $1 h5 12. Ng5 Nh6 13. Ndf3 Qd7 14. d4 Rd8 15. Bd3 (15. Bb5 $14 a6 16. Ba4) 15... O-O $11 16. Qd2 Ne7 17. Rad1 Qc8 18. Qe2 a6 19. Bf2 cxd4 ({Black should play} 19... Ng4 $14) 20. Bxd4 $16 Bxd4 21. cxd4 b5 22. a3 Ng4 23. Nd2 (23. Nh4 $16) 23... Nf6 24. h3 Qd7 {[#]} (24... Rde8 $142) 25. Qf2 (25. d5 $1 $16 {[%mdl 512]}) 25... Nh7 $14 26. Ngf3 f5 27. Nh4 Kg7 (27... Nf6 $14) 28. Qg3 $16 Rf6 29. d5 Kh8 (29... fxe4 $16 {was called for.} 30. Nxe4 Nf5 31. Nxf5+ exf5) 30. dxe6 Qxe6 {[%cal Rf5e4]} 31. Rde1 {Hoping for exf5.} Qf7 32. exf5 Nxf5 33. Bxf5 gxf5 34. Qc3 {aiming for Re7!} Rg8 35. Rf2 Nf8 $2 (35... Rc8 {is tougher.} 36. Qd4 Rg8) 36. Nxf5 $18 Qg6 {[%cal Rb7g2]} 37. Ne7 {[%mdl 64] [#] Double Attack} Qg7 38. Nxg8 Kxg8 39. Ne4 Re6 40. Qxg7+ Kxg7 41. Rfe2 Ng6 42. f5 Rxe4 43. Rxe4 Ne5 44. Rxe5 dxe5 45. Rxe5 {[%mdl 4096] Endgame KR-KB} Kf6 46. Rc5 Be4 47. Kh2 Bxf5 48. Rc6+ Kg5 49. Rxa6 h4 50. Ra5 Bd3 51. a4 {[%cal Ba3a4,Ba4b5][%mdl 32]} Kf6 52. Rxb5 Bxb5 53. axb5 {White mates.} Ke6 54. g3 Kd6 55. gxh4 {Accuracy: White = 66%, Black = 38%.} 1-0

[Event "Targo Mures Open 2019"]
[Site "Targo Mures"]
[Date "2019.10.19"]
[Round "4.11"]
[White "Titu, Maiorescu-Dorin"]
[Black "Denes, Attila-Norbert"]
[Result "1-0"]
[WhiteElo "2147"]
[BlackElo "1817"]
[Annotator "TA"]
[PlyCount "87"]
[EventDate "2019.03.02"]
[EventType "swiss"]
[EventCountry "ROU"]
[SourceTitle "playchess.com"]
[Source "ChessBase"]
[SourceQuality "1"]

{[%evp 10,87,-3,-12,9,0,3,0,7,-16,10,-7,0,-38,-8,-25,-11,-27,0,0,45,0,8,12,14,0,0,0,0,0,0,-75,-74,-73,-54,-107,-90,-94,-109,-164,-164,-159,-17,-50,-30,-27,-29,-87,-34,-55,-27,-133,-94,-95,-105,-102,-80,-95,-14,-52,-37,-45,0,-51,28,0,20,-306,29,14,222,259,714,697,837,814,2367,2355,2084,1647]} 1. e4 c5 2. Nc3 e6 3. f4 a6 4. Nf3 d5 5. d3 Nc6 6. g3 g6 {B23: Closed Sicilian: Lines without g3} (6... Nf6 7. e5 Ng8 8. Bg2 Nh6 9. O-O Be7 10. Ne2 Qb6 11. a3 Nf5 12. g4 Nfd4 13. Nfxd4 cxd4 14. Ng3 g6 15. Qe2 Bd7 16. b3 O-O-O 17. Bb2 Kb8 18. Qf2 f6 {½-½ (18) Epishin,V (2573)-Milov,L (2475) Bregenz 2019}) 7. Bg2 Bg7 8. O-O Nge7 {The position is equal.} 9. a4 Rb8 10. Qe2 O-O 11. Kh1 b5 12. axb5 axb5 13. g4 c4 $146 ({Predecessor:} 13... f5 14. gxf5 gxf5 15. e5 d4 16. Nd1 Nd5 17. c3 dxc3 18. bxc3 {1-0 (37) Bondar,A (2255)-Zaitsev,M Moscow 1995}) 14. e5 Qc7 15. d4 Bd7 16. Be3 Qb7 17. Qf2 Ra8 18. Rab1 b4 19. Ne2 Qc7 20. f5 (20. h4 $11 {remains equal.}) 20... exf5 $17 21. g5 Ra5 22. Qh4 ({White should try} 22. Nf4 $15) 22... f4 23. Qxf4 Bf5 $1 24. Rbc1 (24. Rfc1 $17 {is a better defense.}) 24... Ra2 $19 25. Nh4 {[%cal Rh4f5]} Rxb2 (25... Bc8 $1 $17 26. Rb1 c3 $1 {[%mdl 512]} 27. bxc3 Rxc2) 26. Nxf5 $11 Nxf5 27. Bxd5 Nce7 28. Bf3 (28. Be4 $11) 28... Ra2 (28... h6 $17) 29. Bf2 Rd8 30. Rfd1 (30. Be4 $1 $11) 30... Nd5 31. Qe4 Qe7 32. h4 Qc7 33. Kg1 Ra5 (33... Ra3 $17) 34. Re1 Ra3 35. Bg4 Nde7 36. Nf4 (36. Ra1 $11) 36... Ra5 ({Better is} 36... Ng3 $1 $15 37. Qg2 Ngf5) 37. Bf3 Ra3 38. Kg2 $2 {[%mdl 8192] [#]} (38. c3 $11 {and White is okay.}) 38... Ra5 $2 ({Black should play} 38... Rxd4 $1 $19 {[%mdl 512]} 39. Bxd4 Nxh4+ {[%mdl 64] Double Attack} 40. Kh1 Nef5) 39. Rcd1 {Black must now prevent d5.} (39. Rb1 $5 {[%cal Rb1b4]}) 39... Ra2 $2 (39... b3 $11) 40. d5 $18 {Hoping for d6.} Qa5 $2 (40... Nc8 41. d6 Nfxd6 42. exd6 Nxd6) 41. d6 {White is clearly winning.} Nc8 42. d7 Nb6 43. e6 Qe5 44. Qxe5 {Accuracy: White = 31%, Black = 24%.} 1-0